| 000 | 00683nam a2200217Ii 4500 | ||
|---|---|---|---|
| 003 | JO-AjNU | ||
| 008 | 230605s9999||||xx |||||||||||||| ||und|| | ||
| 017 | _a2008/2/560 | ||
| 040 |
_aJO-AjNU _bara _erda _cJO-AjNU |
||
| 041 | _aara | ||
| 050 | 1 | 4 | _aLC4704.U22 2009 |
| 100 | 3 |
_aالسيد عبيد،ماجدة , _eauthor _930920 |
|
| 245 | 0 | 0 | _aصعوبات التعلم وكيفية التعامل معها |
| 250 | _aط1 | ||
| 264 | 3 | 1 | _aعمان:دار الصفاء،2009 |
| 300 | _a206ص | ||
| 336 |
_atext _btxt _2rdacontent |
||
| 337 |
_aunmediated _bn _2rdamedia |
||
| 338 |
_avolume _bnc _2rdacarrier |
||
| 650 | 4 |
_aصعوبات التعلم-طرق التعليم _930921 |
|
| 999 |
_aA12311 _c15879 _d15879 |
||